000 00797nam a2200217Ii 4500
003 JO-AjNU
008 230605s9999||||xx |||||||||||||| ||und||
017 _a2003/2792
020 _a977-01-8353-9
040 _aJO-AjNU
_bara
_erda
_cJO-AjNU
041 _aara
050 1 4 _aHQ1075 .H4712 2003
100 3 _a إيريتييه، فرانسواز؛ ترجمة كاميليا صبحي,
_eauthor
_935481
245 0 0 _aذكورة وانوثة: فكرة الاختلاف
264 3 1 _aالقاهرة: الهيئة المصرية العامة للكتاب، 2003
300 _a278ص
336 _atext
_btxt
_2rdacontent
337 _aunmediated
_bn
_2rdamedia
338 _avolume
_bnc
_2rdacarrier
650 4 _aالعلاقات الاسرية - الزواج - الرجال - المراة
_935482
999 _aA14654
_c18222
_d18222